German prisoners of war in the southwest United States during World War II : an oral history /

Bibliographic Details
Main Author: Doyle, Frederick J.
Format: Thesis Book
Language:English
Published: [Place of publication not identified] : [publisher not identified] ; 1978.
Subjects:

MARC

Tag First Indicator Second Indicator Subfields
LEADER 00000cam a2200000 a 4500
001 in00000015566
005 20151007052538.0
008 800404r19791978miu bb 00010 eng d
035 |a (OCoLC)06166739 
035 |9 AAA8236AM 
040 |a MNO  |c MNO  |d m/c  |d TXA  |d UtOrBLW 
043 |a n-us--- 
049 |a TXAI 
099 |a fiche  |a C  |a 6761 
100 1 |a Doyle, Frederick J. 
245 1 0 |a German prisoners of war in the southwest United States during World War II :  |b an oral history /  |c by Frederick J. Doyle. 
264 1 |a [Place of publication not identified] :  |b [publisher not identified] ;  |c 1978. 
300 |a 202 leaves. 
336 |a text  |b txt  |2 rdacontent 
337 |a microform  |b h  |2 rdamedia 
338 |a microfiche  |b he  |2 rdacarrier 
502 |b Ph. D.  |c University of Denver  |d 1978. 
504 |a Bibliography: leaves 200-202. 
533 |a Microfiche.  |b Ann Arbor, Mich. :  |c University Microfilms International,  |d 1979.  |e 3 microfiches ; 11 x 15 cm. 
500 |a Microform. 
650 0 |a World War, 1939-1945  |x Prisoners and prisons, American. 
650 0 |a Prisoners of war  |z United States  |v Biography. 
650 0 |a Prisoners of war, German  |x Biography. 
999 |a MARS 
999 f f |s d339d1f2-040b-320e-b7ed-96837c3db6fd  |i fb1243f7-d3ef-3d7e-b2a3-39c3c143ac1a  |t 0 
952 f f |p normal  |a Texas A&M University  |b College Station  |c Sterling C. Evans Library  |d Evans: Microforms (3rd floor)  |t 0  |e fiche C 6761  |h Other scheme  |i microform -- microfiche  |m A14823001894 
998 f f |a fiche C 6761  |t 0  |l Evans: Microforms (3rd floor)